| 000 | 01094nam a2200301Ia 4500 | ||
|---|---|---|---|
| 999 |
_c5539 _d5539 |
||
| 003 | OSt | ||
| 005 | 20200619142511.0 | ||
| 008 | 191128s2003 ck gr 000 0cspa d | ||
| 020 | _a9586167909 | ||
| 040 |
_aCO-JMCR _cCO-JMCR |
||
| 041 | 0 | _aspa | |
| 082 | 0 | 4 |
_a330.152 / _bB211p _223 |
| 100 | 1 |
_aBeccaria, Cesare, _eautor _95849 |
|
| 245 | 1 | 0 |
_aPrincipios de economía pública y otros ensayos / _cCesare Beccaria ; Alberto Supelano traductor |
| 250 | _aPrimera edición | ||
| 260 |
_aBogotá : _bUniversidad Externado de Colombia, _c2003. |
||
| 300 |
_a282 páginas _c24 cm. |
||
| 490 | 0 | _aBiblioteca de historia de las ideas | |
| 500 | _aHomenaje a Fernando Hinestrosa 40 años de rectoría 1963-2003. | ||
| 505 | _aPrincipios y fines generales -- De la agricultura política -- De las artes y las manufacturas -- Del comercio | ||
| 546 | _aspa | ||
| 650 | 1 | 4 |
_aEconomía pública _95850 |
| 650 | 2 | 4 |
_aHacienda pública _95851 |
| 650 | 2 | 4 |
_aPolítica agrícola _95852 |
| 650 | 2 | 4 |
_aPrecios Contrabando _95853 |
| 700 | 1 |
_aSupelano, Alberto, _etraductor _95592 |
|
| 942 |
_2ddc _cBK |
||